[Event "World Rapid Women 2021"]
[Site "Warsaw POL"]
[Date "2021.12.26"]
[Round "1.44"]
[White "Maltsevskaya, Aleksandra"]
[Black "Dylag, Emilia"]
[Result "1-0"]
[WhiteTitle "IM"]
[BlackTitle "WFM"]
[WhiteElo "2400"]
[BlackElo "1956"]
[WhiteFideId "24174041"]
[BlackFideId "21805172"]
[EventDate "2021.12.26"]

1. e4 e5 2. Nf3 Nc6 3. Bb5 a6 4. Ba4 Nf6 5. O-O b5 6. Bb3 Bc5 7. c3 d6 8. a4 Rb8
9. axb5 axb5 10. d4 Bb6 11. Qd3 O-O 12. Bg5 h6 13. Bh4 g5 14. Bg3 Qe7 15. Re1
Bg4 16. Nbd2 Kg7 17. Qxb5 Bd7 18. Qd3 Nh5 19. Bd5 exd4 20. Nxd4 Bxd4 21. cxd4
Nb4 22. Qc3 Nxg3 23. hxg3 c6 24. Bb3 Kh7 25. Ra7 Qd8 26. Nc4 Be6 27. e5 Bxc4 28.
Bxc4 d5 29. Bb3 Qb6 30. Ra3 Rfe8 31. Qf3 Rb7 32. Rd1 Re6 33. Qf5+ Kg7 34. Ra4 c5
35. Rxb4 Qxb4 36. Bxd5 Qa4 37. b3 Rxb3 38. Bxe6 fxe6 39. Qf6+ Kh7 40. Qf7+ Kh8
41. dxc5 Rb8 42. Rd7 1-0

[Event "World Rapid Women 2021"]
[Site "Warsaw POL"]
[Date "2021.12.26"]
[Round "1.45"]
[White "Smietanska, Wiktoria"]
[Black "Kulon, Klaudia"]
[Result "0-1"]
[WhiteTitle "CM"]
[BlackTitle "IM"]
[WhiteElo "1910"]
[BlackElo "2335"]
[WhiteFideId "21869359"]
[BlackFideId "1131044"]
[EventDate "2021.12.26"]

1. c4 Nf6 2. Nc3 g6 3. g3 Bg7 4. Bg2 O-O 5. e4 d6 6. Nge2 c5 7. d3 Nc6 8. O-O a6
9. h3 Rb8 10. a4 e5 11. f4 exf4 12. Nxf4 Nd4 13. Be3 Nd7 14. Kh1 Ne5 15. Ncd5
Nec6 16. Ne2 b5 17. cxb5 axb5 18. Nxd4 Nxd4 19. a5 Ra8 20. Bxd4 Bxd4 21. Qd2 Ra6
22. Ra2 b4 23. Nb6 Be6 24. Ra4 Qe7 25. Qh6 Bxb2 26. Nd5 Bxd5 27. exd5 Rfa8 28.
Ra2 Bg7 29. Qf4 Be5 30. Qf3 Rxa5 31. Raf2 R8a7 32. Re2 Ra2 33. Rxa2 Rxa2 34. Qg4
b3 35. Qc8+ Kg7 36. Qb8 b2 37. Rb1 Ra1 0-1

[Event "World Rapid Women 2021"]
[Site "Warsaw POL"]
[Date "2021.12.26"]
[Round "1.46"]
[White "Movsesian, Julia"]
[Black "Katkov, Michelle"]
[Result "1-0"]
[WhiteTitle "WGM"]
[BlackTitle "WFM"]
[WhiteElo "2300"]
[BlackElo "2151"]
[WhiteFideId "4139690"]
[BlackFideId "2816393"]
[EventDate "2021.12.26"]

1. Nf3 Nf6 2. g3 d5 3. Bg2 c6 4. d3 Bg4 5. O-O Nbd7 6. h3 Bh5 7. Nbd2 e5 8. e4
dxe4 9. dxe4 Bc5 10. Qe1 O-O 11. Nc4 Re8 12. Nh4 Bg6 13. Bg5 Qc7 14. Rd1 b5 15.
Na5 Bb6 16. Nb3 a5 17. c4 bxc4 18. Nd2 Bd4 19. Nxc4 Nc5 20. Bxf6 gxf6 21. Qe2
Reb8 22. Kh1 Na4 23. f4 Nxb2 24. f5 Nxd1 25. Rxd1 Rb4 26. Bf1 Rab8 27. fxg6 fxg6
28. Qf3 Kg7 29. Bd3 Qf7 30. Qe2 a4 31. Rf1 Qe6 32. g4 a3 33. Nf3 Ba7 34. Nfd2
Rd8 35. Bc2 Rd4 36. Bb3 Qe7 37. Nf3 Rd7 38. g5 f5 39. exf5 gxf5 40. Nfxe5 Qe6
41. Ne3 Rxb3 42. axb3 f4 43. N3g4 Qxb3 44. Nxd7 Qxh3+ 45. Nh2 Qxd7 46. Qe5+ 1-0

[Event "World Rapid Women 2021"]
[Site "Warsaw POL"]
[Date "2021.12.26"]
[Round "1.47"]
[White "Vantika, Agrawal"]
[Black "Dworakowska, Joanna"]
[Result "1-0"]
[WhiteTitle "WGM"]
[BlackTitle "IM"]
[WhiteElo "2381"]
[BlackElo "2321"]
[WhiteFideId "25050389"]
[BlackFideId "1107445"]
[EventDate "2021.12.26"]

1. d4 d5 2. c4 e6 3. Nf3 c6 4. g3 dxc4 5. Bg2 Nf6 6. Ne5 Be7 7. Nxc4 O-O 8. O-O
b6 9. Nc3 Bb7 10. Ne5 Nfd7 11. Nf3 Na6 12. Bf4 Rc8 13. Rc1 Re8 14. e4 Nf8 15. h4
Nc7 16. Qb3 Bd6 17. Bxd6 Qxd6 18. e5 Qe7 19. Ne4 Red8 20. Nd6 Rxd6 21. exd6 Qxd6
22. Rfd1 Nd5 23. Ne5 f6 24. Nc4 Qd7 25. Ne3 Re8 26. Nxd5 cxd5 27. Rc3 Ba6 28.
Bf1 Bxf1 29. Rxf1 Qf7 30. Rfc1 f5 31. Rc7 Qf6 32. Rxa7 Qxd4 33. Rcc7 Kh8 34.
Rxg7 e5 35. Qf3 Rc8 36. Qxf5 Rc1+ 37. Kg2 Qe4+ 38. Qxe4 dxe4 39. Rgf7 Rc8 40. h5
h6 41. Rf6 Kg8 42. Rxb6 Rc2 43. Rb3 Rd2 44. a4 Nd7 45. a5 Kf7 46. Rbb7 Ke6 47.
Rxd7 e3 48. Kf1 Rxf2+ 49. Ke1 Rxb2 50. Rd3 1-0

[Event "World Rapid Women 2021"]
[Site "Warsaw POL"]
[Date "2021.12.26"]
[Round "1.48"]
[White "Muetsch, Annmarie"]
[Black "Zabrzanska, Weronika"]
[Result "1-0"]
[WhiteTitle "WIM"]
[WhiteElo "2279"]
[BlackElo "1923"]
[WhiteFideId "12971367"]
[BlackFideId "21825173"]
[EventDate "2021.12.26"]

1. e4 e5 2. Nf3 Nc6 3. Bc4 Bc5 4. c3 Nf6 5. d4 exd4 6. e5 d5 7. Bb5 Ne4 8. cxd4
Bb6 9. Nc3 O-O 10. Be3 Bf5 11. h3 h6 12. O-O Ne7 13. Be2 Bg6 14. Na4 c6 15. Nh4
Bh7 16. Kh2 f5 17. f4 g5 18. Nf3 Ng6 19. g3 Kh8 20. Qe1 g4 21. Nd2 h5 22. hxg4
hxg4 23. Nxe4 dxe4 24. Nxb6 axb6 25. Kg2 Ne7 26. Rh1 Nd5 27. Qg1 Kg7 28. Bf2 Bg6
29. Bc4 Rh8 30. Bb3 Qe7 31. Bxd5 cxd5 32. Rxh8 Rxh8 33. Rc1 Ra8 34. a3 Qd7 35.
Qd1 Rc8 36. Be3 Rxc1 37. Qxc1 Qc6 38. Kf2 Be8 39. b3 Bd7 40. a4 Qh6 41. Ke2 Qc6
42. Kd2 b5 43. a5 Kf7 44. Qc3 Ke6 45. Qb4 Kf7 46. Kd1 Bc8 47. Bc1 b6 48. Ba3
bxa5 49. Qf8+ Kg6 50. Qg8+ Kh5 51. Qg5# 1-0

[Event "World Rapid Women 2021"]
[Site "Warsaw POL"]
[Date "2021.12.26"]
[Round "1.49"]
[White "Budkiewicz, Magdalena"]
[Black "Vaishali, R"]
[Result "0-1"]
[BlackTitle "IM"]
[WhiteElo "1929"]
[BlackElo "2401"]
[WhiteFideId "1194917"]
[BlackFideId "5091756"]
[EventDate "2021.12.26"]

1. e4 c5 2. Nf3 Nc6 3. d4 cxd4 4. Nxd4 Nf6 5. Nc3 d6 6. Be2 e5 7. Nf3 h6 8. h3
Be7 9. O-O O-O 10. Re1 Be6 11. Bf1 Nb8 12. Nd5 Nxd5 13. exd5 Bf5 14. c4 Nd7 15.
Be3 Bg6 16. Rc1 f5 17. b4 a5 18. a3 axb4 19. axb4 Bh5 20. Qb3 Kh8 21. Bd2 b6 22.
Ra1 Bf6 23. Bc3 Rxa1 24. Bxa1 Bxf3 25. Qxf3 e4 26. Qd1 Be5 27. Bxe5 Nxe5 28. Qd4
Qc7 29. Rc1 Rc8 30. Be2 Qa7 31. Ra1 Qc7 32. Ra6 Nxc4 33. Bxc4 Qxc4 34. Qxc4 Rxc4
35. Rxb6 Rd4 36. Rxd6 Rxb4 37. Kf1 Kh7 38. Ke2 g5 39. f3 Rb2+ 40. Ke3 Rb3+ 41.
Kd4 exf3 42. gxf3 Rxf3 43. Rf6 Kg7 44. Rb6 Rxh3 45. Ke5 f4 46. Kf5 Rd3 47. d6
Kf7 48. Rb7+ Ke8 49. Re7+ Kd8 50. Re6 f3 51. Rxh6 f2 52. Ke6 Re3+ 0-1

[Event "World Rapid Women 2021"]
[Site "Warsaw POL"]
[Date "2021.12.26"]
[Round "1.50"]
[White "Babiy, Olga"]
[Black "Brambilla, Renee Blandy T."]
[Result "1-0"]
[WhiteTitle "WGM"]
[WhiteElo "2259"]
[BlackElo "1536"]
[WhiteFideId "14117258"]
[BlackFideId "2115085"]
[EventDate "2021.12.26"]

1. d4 Nf6 2. Nf3 g6 3. Nbd2 Bg7 4. e4 d6 5. Bb5+ c6 6. Bd3 O-O 7. O-O Nbd7 8.
Re1 c5 9. c3 a6 10. a4 Rb8 11. e5 dxe5 12. dxe5 Nd5 13. Nc4 N7b6 14. a5 Nxc4 15.
Bxc4 e6 16. Bg5 Qd7 17. Qd2 Nc7 18. Rad1 Qxd2 19. Nxd2 b5 20. axb6 Rxb6 21. Nb3
Bb7 22. Bd8 Rc6 23. Na5 Nd5 24. Nxb7 Rxd8 25. Nxd8 Rc7 26. Bxd5 exd5 27. Rxd5 h5
28. e6 fxe6 29. Nxe6 Re7 30. Rd8+ Kf7 31. Ng5+ Kf6 32. Rd6+ 1-0

[Event "World Rapid Women 2021"]
[Site "Warsaw POL"]
[Date "2021.12.26"]
[Round "1.51"]
[White "Szczotka, Klara"]
[Black "Efroimski, Marsel"]
[Result "1/2-1/2"]
[BlackTitle "IM"]
[WhiteElo "1755"]
[BlackElo "2429"]
[WhiteFideId "21858845"]
[BlackFideId "2810964"]
[EventDate "2021.12.26"]

1. d4 e6 2. c4 b6 3. Nc3 Bb7 4. Nf3 f5 5. e3 Nf6 6. Bd3 Bb4 7. Bd2 O-O 8. O-O
Qe8 9. Nb5 Bxd2 10. Nxd2 Na6 11. f3 Qe7 12. Rc1 c6 13. Nc3 c5 14. Qe2 Nc7 15.
Nb3 d6 16. Rfe1 Qf7 17. a4 a5 18. e4 Nh5 19. Qe3 f4 20. Qf2 e5 21. dxe5 dxe5 22.
Nd5 Ra6 23. Qh4 Ne6 24. Qg4 Bc6 25. Ra1 Bd7 26. Qf5 Re8 27. Qxf7+ Kxf7 28. Bf1
g5 29. Kf2 Rg8 30. Be2 Nhg7 31. g4 fxg3+ 32. hxg3 h5 33. Rh1 Rf8 34. Nc1 g4 35.
Nd3 gxf3 36. Nxe5+ Ke8 37. Bxf3 Bc8 38. Kg2 Ra7 39. Bxh5+ Nxh5 40. Rxh5 Rg7 41.
Rf1 Rxf1 42. Kxf1 Bb7 43. Rh8+ Nf8 44. Nf6+ Ke7 45. Nh5 Rg5 46. Nf3 Rg4 47. Nd2
Bxe4 48. Rh6 Bg6 49. Kf2 Rd4 50. Ke3 Rd3+ 51. Ke2 Rd6 52. Ke1 Kf7 53. Nf4 Kg7
54. Rh4 Nd7 55. Nd5 Ne5 56. b3 Re6 57. Kf1 Nd3 58. Nf3 Nc1 59. Rg4 Kf8 60. Nf4
Bd3+ 61. Kf2 Rf6 62. Nd5 Rf7 63. Ke3 Rxf3+ 64. Kxf3 Be2+ 65. Kf4 Bxg4 66. Kxg4
Nxb3 67. Nxb6 Nd2 68. Kf5 Kf7 69. g4 Nf3 70. Nd7 Ke7 71. Ne5 Nd4+ 72. Ke4 Ne2
73. Kd5 Nc3+ 74. Kxc5 Nxa4+ 75. Kb5 Nb2 76. Nc6+ Kf6 77. Nxa5 Nd3 78. Nb3 Kg5
79. Nc5 Ne5 80. Ne4+ Kxg4 81. c5 Kf5 82. Nc3 Ke6 83. Ne4 Kd7 84. Kb6 Nc4+ 85.
Kb5 Ne5 86. Nf6+ Ke6 87. Ne4 Kd5 88. Nc3+ Ke6 89. Ka6 Nd7 1/2-1/2

[Event "World Rapid Women 2021"]
[Site "Warsaw POL"]
[Date "2021.12.26"]
[Round "2.1"]
[White "Lagno, Kateryna"]
[Black "Ovod, Evgenija"]
[Result "0-1"]
[WhiteTitle "GM"]
[BlackTitle "IM"]
[WhiteElo "2550"]
[BlackElo "2366"]
[WhiteFideId "14109336"]
[BlackFideId "4131827"]
[EventDate "2021.12.26"]

1. e4 e5 2. Nf3 Nc6 3. Bc4 Bc5 4. c3 Nf6 5. d4 exd4 6. e5 d5 7. Bb5 Ne4 8. cxd4
Bb6 9. Nc3 O-O 10. Be3 Bg4 11. h3 Bxf3 12. gxf3 Nxc3 13. bxc3 f5 14. f4 Ne7 15.
h4 c6 16. Bd3 Ba5 17. Rc1 b5 18. Kf1 Qe8 19. h5 Nc8 20. Rg1 Bd8 21. Qf3 a6 22.
Rg2 Ra7 23. Ke2 Raf7 24. Qh3 Kh8 25. Rcg1 Nb6 26. Rg3 Nc4 27. Qg2 Rg8 28. Kf3
Nxe3 29. fxe3 Bh4 30. Rh3 g5 31. hxg6 Rxg6 32. Qh1 Rxg1 33. Qxg1 Rg7 34. Qxg7+
Kxg7 35. Rxh4 Qg6 36. Kf2 Kf8 37. Rh3 h6 38. Be2 a5 39. Rg3 Qf7 40. Rh3 Qe6 41.
Bd3 Qg6 42. Rh1 a4 43. Be2 Ke7 44. Bh5 Qe6 45. Rg1 Kd7 46. Rg7+ Kd8 47. Rg6 Qe7
48. Kg3 Qa3 49. Rxc6 Qxa2 50. Ra6 Qd2 51. Ra8+ Kc7 52. Bf3 Qxe3 53. Kg2 Qxf4 54.
Bxd5 Qd2+ 55. Kg3 Qxc3+ 56. Bf3 Qxd4 57. Re8 Kd7 58. Ra8 Qxe5+ 59. Kg2 a3 60.
Ra7+ Kd6 61. Ra6+ Kc5 62. Rc6+ Kb4 63. Rc2 Kb3 64. Bd1 Qe4+ 0-1

[Event "World Rapid Women 2021"]
[Site "Warsaw POL"]
[Date "2021.12.26"]
[Round "2.2"]
[White "Nomin-Erdene, Davaademberel"]
[Black "Goryachkina, Aleksandra"]
[Result "0-1"]
[WhiteTitle "IM"]
[BlackTitle "GM"]
[WhiteElo "2391"]
[BlackElo "2610"]
[WhiteFideId "4900782"]
[BlackFideId "4147103"]
[EventDate "2021.12.26"]

1. e4 e5 2. Nf3 Nc6 3. Bc4 Bc5 4. c3 Nf6 5. d4 exd4 6. e5 d5 7. Bb5 Ne4 8. cxd4
Bb6 9. Nc3 O-O 10. Be3 Bg4 11. Qc2 Nxc3 12. bxc3 f6 13. Bd3 Bxf3 14. Bxh7+ Kh8
15. gxf3 fxe5 16. Rg1 Qh4 17. Bf5 exd4 18. Rg3 dxe3 19. Rh3 exf2+ 20. Kf1 Qxh3+
21. Bxh3 Ne5 22. Kg2 Nxf3 23. Qa4 Rae8 24. Rf1 Re5 25. Kh1 c6 26. Bg2 Nd2 27.
Qb4 Rf6 28. Qh4+ Kg8 29. Qg3 Re8 30. Rd1 f1=Q+ 31. Bxf1 Nxf1 32. Qh3 Ref8 33.
Re1 Rh6 34. Qg2 Rxh2+ 0-1

[Event "World Rapid Women 2021"]
[Site "Warsaw POL"]
[Date "2021.12.26"]
[Round "2.3"]
[White "Kosteniuk, Alexandra"]
[Black "Maltsevskaya, Aleksandra"]
[Result "1-0"]
[WhiteTitle "GM"]
[BlackTitle "IM"]
[WhiteElo "2516"]
[BlackElo "2400"]
[WhiteFideId "4128125"]
[BlackFideId "24174041"]
[EventDate "2021.12.26"]

1. e4 c5 2. Nf3 e6 3. c3 d5 4. exd5 exd5 5. d4 Bd6 6. Bb5+ Nc6 7. O-O Ne7 8.
dxc5 Bxc5 9. Nbd2 O-O 10. Nb3 Bb6 11. Re1 Qd6 12. Be3 Bxe3 13. Rxe3 Bg4 14. Be2
Bxf3 15. Rxf3 Rad8 16. Rh3 h6 17. Qd2 Ng6 18. Rd1 Rfe8 19. Rg3 Qf6 20. h3 Rd6
21. Bd3 Nge5 22. Bb1 Rde6 23. Nc5 R6e7 24. Qxd5 g6 25. Ne4 Qf4 26. Nd6 Rd8 27.
Bxg6 Nxg6 28. Rxg6+ Kf8 29. Rg4 Qf6 30. Qc5 Qe5 31. Qxe5 Rxe5 32. Rd2 Re6 33.
Nc4 Re1+ 34. Kh2 Rxd2 35. Nxd2 Re2 36. Nc4 Rxf2 37. a4 a6 38. Kg3 Rc2 39. Rf4
Ke7 40. Rf2 Rc1 41. Re2+ Kf6 42. Nd6 b6 43. Ne8+ Kf5 44. Rf2+ Ke6 45. Rf6+ Kd7
46. Rd6+ Kxe8 47. Rxc6 b5 48. axb5 Rc2 49. bxa6 Rxb2 50. a7 1-0

[Event "World Rapid Women 2021"]
[Site "Warsaw POL"]
[Date "2021.12.26"]
[Round "2.4"]
[White "Gunina, Valentina"]
[Black "Movsesian, Julia"]
[Result "1-0"]
[WhiteTitle "GM"]
[BlackTitle "WGM"]
[WhiteElo "2471"]
[BlackElo "2300"]
[WhiteFideId "4167570"]
[BlackFideId "4139690"]
[EventDate "2021.12.26"]

1. d4 d5 2. c4 e6 3. Nf3 c6 4. e3 f5 5. g4 fxg4 6. Ne5 Nf6 7. Nxg4 Bb4+ 8. Nc3
O-O 9. Bd3 Nxg4 10. Qxg4 e5 11. Qh5 e4 12. Bc2 Qf6 13. f4 g6 14. Qe2 Be6 15. Bd2
a5 16. O-O-O Nd7 17. Rdg1 Bxc3 18. Bxc3 Kf7 19. h4 h5 20. cxd5 cxd5 21. Qb5 Qe7
22. Bxa5 Rfc8 23. Bb4 Qd8 24. a3 Rc6 25. Kb1 Rb6 26. Qe2 Rxb4 27. axb4 Qb6 28.
f5 Bxf5 29. Bb3 Nf6 30. Rc1 Qxb4 31. Rc3 Qa5 32. Rhc1 Qa1+ 33. Kc2 Qa5 34. Qh2
Kg8 35. Qd6 Rf8 36. Rc7 1-0

[Event "World Rapid Women 2021"]
[Site "Warsaw POL"]
[Date "2021.12.26"]
[Round "2.5"]
[White "Dzagnidze, Nana"]
[Black "Muetsch, Annmarie"]
[Result "1-0"]
[WhiteTitle "GM"]
[BlackTitle "WIM"]
[WhiteElo "2531"]
[BlackElo "2279"]
[WhiteFideId "13601903"]
[BlackFideId "12971367"]
[EventDate "2021.12.26"]

1. d4 d6 2. e4 Nf6 3. Nc3 e5 4. Nf3 Nbd7 5. Bc4 Be7 6. O-O c6 7. Re1 Qc7 8. a3
h6 9. Ba2 Nf8 10. Nh4 g6 11. f4 Bg4 12. Nf3 exd4 13. Qxd4 Qb6 14. Qxb6 axb6 15.
e5 dxe5 16. Nxe5 Be6 17. Bxe6 fxe6 18. Be3 b5 19. Nd3 N8d7 20. Rad1 Rd8 21. Re2
Kf7 22. Rf1 Rhe8 23. Bd4 Nf8 24. Bb6 Ra8 25. h3 h5 26. g3 N8d7 27. Bd4 Rad8 28.
Rfe1 Nf8 29. Bb6 Ra8 30. Ne5+ Kg7 31. Nf3 N6d7 32. Bd4+ Kg8 33. Ne4 c5 34. Bf2
b4 35. axb4 cxb4 36. Neg5 Rac8 37. Nxe6 Bf6 38. Nxf8 Rxe2 39. Nxd7 Rxe1+ 40.
Nxe1 Bxb2 41. Nc5 Bg7 42. Nxb7 Bc3 43. Nd3 Bd2 44. Nbc5 Ra8 45. Ne4 Bc3 46. Nxc3
bxc3 47. Bd4 Rd8 48. Be5 Kf7 49. Kf2 Ke6 50. Ke3 Rc8 51. Nf2 g5 52. Ne4 gxf4+
53. gxf4 Rg8 54. Kf3 h4 55. Bxc3 Rg1 56. Be5 Kf5 57. c3 Rf1+ 58. Ke2 Rb1 59. Ng5 1-0

[Event "World Rapid Women 2021"]
[Site "Warsaw POL"]
[Date "2021.12.26"]
[Round "2.6"]
[White "Kulon, Klaudia"]
[Black "Shuvalova, Polina"]
[Result "0-1"]
[WhiteTitle "IM"]
[BlackTitle "IM"]
[WhiteElo "2335"]
[BlackElo "2516"]
[WhiteFideId "1131044"]
[BlackFideId "24171760"]
[EventDate "2021.12.26"]

1. d4 d5 2. Nf3 e6 3. Bf4 Bd6 4. Bg3 c5 5. e3 Nf6 6. Nbd2 O-O 7. c3 Nc6 8. Bd3
b6 9. Ne5 Bb7 10. f4 Ne7 11. O-O Nf5 12. Qf3 Be7 13. Rad1 Rc8 14. Bf2 Nd6 15.
Qh3 Nfe4 16. Nxe4 dxe4 17. Bc2 cxd4 18. Rxd4 Qc7 19. Rfd1 Bd5 20. c4 Nxc4 21.
Nxc4 Bxc4 22. Rd7 Qc5 23. Bxe4 g6 24. Bf3 Bxa2 25. e4 Qb4 26. f5 Bf6 27. Rxa7
Bb3 28. Rf1 Bc4 29. Rd1 Rfd8 30. Rxd8+ Rxd8 31. fxg6 hxg6 32. Qh6 Bd4 33. Qc1
Qc5 34. Bxd4 Qxd4+ 35. Kh1 b5 36. Rb7 Kg7 37. h4 Qd2 38. Qa1 Qd4 39. h5 Rh8 40.
Qe1 Qxb2 41. e5 Qd4 42. Qg3 Bd3 43. Qg5 Qd8 44. Qf4 Bf5 45. Rxb5 gxh5 46. Rb7 h4
47. Be4 Rh5 48. Bf3 Rh6 49. Be4 Rh5 50. Bf3 Rh7 51. Be4 h3 52. Qg3+ Kh8 53. Bxf5
Qd1+ 54. Kh2 hxg2+ 55. Kxg2 Qh1+ 56. Kf2 Rh2+ 57. Ke3 Qc1+ 58. Kf3 Qc3+ 59. Kf4
Qd2+ 60. Kg4 exf5+ 61. Kxf5 Qc2+ 62. Kf4 Rf2+ 63. Ke3 Qd2+ 64. Ke4 Re2+ 65. Kf5
Qc2+ 66. Kf4 Qe4+ 67. Kg5 Rg2 68. Kh6 Qh7+ 0-1

[Event "World Rapid Women 2021"]
[Site "Warsaw POL"]
[Date "2021.12.26"]
[Round "2.7"]
[White "Mammadova, Gulnar"]
[Black "Babiy, Olga"]
[Result "1-0"]
[WhiteTitle "IM"]
[BlackTitle "WGM"]
[WhiteElo "2387"]
[BlackElo "2259"]
[WhiteFideId "13403508"]
[BlackFideId "14117258"]
[EventDate "2021.12.26"]

1. e4 c5 2. Nf3 e6 3. b3 Nc6 4. c4 b6 5. Bb2 Bb7 6. g3 d6 7. d4 cxd4 8. Nxd4 Nf6
9. Bg2 Be7 10. O-O Nxd4 11. Qxd4 Qc7 12. Nc3 a6 13. Rac1 Rb8 14. h3 O-O 15. Kh2
Rfd8 16. f4 Ne8 17. f5 Bf6 18. Qf2 Qe7 19. Ba3 Be5 20. fxe6 fxe6 21. Ne2 Nf6 22.
Qe3 Nh5 23. h4 Qxh4+ 24. Bh3 Nf6 25. Rxf6 gxf6 26. Nf4 Bxf4 27. Qxf4 Qxf4 28.
Bxe6+ Kf8 29. gxf4 Bxe4 30. f5 Rb7 31. Bb2 Rf7 32. Re1 Bc6 33. Bxf7 Kxf7 34. Re6
Rg8 35. Rxf6+ Ke7 36. Re6+ Kd7 37. Re2 Re8 38. Rd2 Be4 39. f6 Ke6 40. Kg3 d5 41.
Kf4 Kf7 42. cxd5 Bg6 43. Be5 b5 44. Bc7 Re4+ 45. Kf3 Bf5 46. d6 Rh4 47. d7 Rh3+
48. Kg2 Bxd7 49. Rxd7+ Ke6 50. Rd6+ 1-0

[Event "World Rapid Women 2021"]
[Site "Warsaw POL"]
[Date "2021.12.26"]
[Round "2.8"]
[White "Vaishali, R"]
[Black "Batsiashvili, Nino"]
[Result "1/2-1/2"]
[WhiteTitle "IM"]
[BlackTitle "GM"]
[WhiteElo "2401"]
[BlackElo "2491"]
[WhiteFideId "5091756"]
[BlackFideId "13602993"]
[EventDate "2021.12.26"]

1. e4 e5 2. Nf3 Nc6 3. Bb5 a6 4. Ba4 Nf6 5. O-O b5 6. Bb3 Bc5 7. a4 Rb8 8. c3 d6
9. d4 Bb6 10. a5 Ba7 11. Be3 Bg4 12. Nbd2 exd4 13. cxd4 O-O 14. h3 Bh5 15. Qc2
Nb4 16. Qc3 c5 17. dxc5 dxc5 18. Bxc5 Bxc5 19. Qxc5 Nd3 20. Qc6 Qe7 21. Qc3 Rfd8
22. Nd4 Qd7 23. Qxd3 Qxd4 24. Qxd4 Rxd4 25. Nf3 Rxe4 26. Rfe1 Bxf3 27. gxf3
Rxe1+ 28. Rxe1 Kf8 29. Rc1 Rd8 30. Rc6 Rd3 31. Bc2 Rd2 32. Kf1 Ke7 33. Ke1 Rd6
34. Rc7+ Rd7 35. Rc6 Nd5 36. Be4 Nb4 37. Rc3 g6 38. Ke2 f5 39. Bc6 Rd6 40. Bb7
Kd7 41. Bc8+ Kd8 42. Bb7 Rd7 43. Bc6 Rc7 44. Ba8 Ra7 45. Bc6 Ke7 46. f4 Kd6 47.
Bf3 Re7+ 48. Kd2 Rd7 49. Ke3 Re7+ 50. Kd4 Re1 51. Rc8 Rf1 52. Rd8+ Kc7 53. Rh8
Rxf2 54. Rxh7+ Kd6 55. Ke3 Rxb2 56. Rg7 Rb3+ 57. Ke2 Ra3 58. h4 Rxa5 59. Rxg6+
Kc5 60. h5 Ra2+ 61. Kd1 Rf2 62. Bb7 Rxf4 63. Bxa6 Rh4 64. h6 Nd5 65. Bb7 b4 66.
Kc1 Rh2 67. Rg5 Ne3 68. Be4 Rxh6 69. Bxf5 Kd4 70. Kb2 Rb6 71. Bc2 Nc4+ 72. Kb3
Nd2+ 73. Kb2 b3 74. Rg4+ Ke5 75. Bd1 Kd5 76. Rg5+ Kd4 77. Rg4+ Kc5 78. Be2 Re6
79. Rg5+ Kd4 80. Rg4+ Ke3 81. Bc4 Rb6 82. Rg3+ Kf4 83. Rc3 Nxc4+ 84. Rxc4+ Ke3
85. Rc3+ Kd2 86. Rxb3 Rxb3+ 87. Kxb3 1/2-1/2

[Event "World Rapid Women 2021"]
[Site "Warsaw POL"]
[Date "2021.12.26"]
[Round "2.9"]
[White "Assaubayeva, Bibisara"]
[Black "Pavlidou, Ekaterini"]
[Result "0-1"]
[WhiteTitle "IM"]
[BlackTitle "WIM"]
[WhiteElo "2434"]
[BlackElo "2203"]
[WhiteFideId "13708694"]
[BlackFideId "4213262"]
[EventDate "2021.12.26"]

1. d4 Nf6 2. c4 e6 3. Nf3 b6 4. a3 Bb7 5. Bf4 d5 6. cxd5 exd5 7. e3 Be7 8. Bd3
O-O 9. O-O c5 10. Nc3 a6 11. Ne5 Nc6 12. Rc1 c4 13. Bb1 b5 14. Qf3 g6 15. Rfd1
Na5 16. Re1 Nb3 17. Rcd1 Qb6 18. h4 a5 19. Bg5 b4 20. Bxf6 Qxf6 21. Nxd5 Qxh4
22. Be4 Kg7 23. g3 Qg5 24. Nb6 Bxe4 25. Qxe4 Rad8 26. Nbxc4 bxa3 27. bxa3 Rfe8
28. Rb1 a4 29. Qc6 Bf6 30. Qxa4 Bxe5 31. Nxe5 Nd2 32. Rbd1 Ne4 33. Qc6 Qf5 34.
Nd3 Re6 35. Qc7 Rde8 36. Qf4 Qd5 37. Rc1 Rf6 38. Qc7 Nd2 39. Nf4 Nf3+ 40. Kf1
Qb5+ 41. Qc4 Nd2+ 0-1

[Event "World Rapid Women 2021"]
[Site "Warsaw POL"]
[Date "2021.12.26"]
[Round "2.10"]
[White "Lach, Aleksandra"]
[Black "Paehtz, Elisabeth"]
[Result "0-1"]
[WhiteTitle "WIM"]
[BlackTitle "IM"]
[WhiteElo "2198"]
[BlackElo "2507"]
[WhiteFideId "1134299"]
[BlackFideId "4641833"]
[EventDate "2021.12.26"]

1. e4 c5 2. Nc3 Nc6 3. Bb5 Nd4 4. Nf3 a6 5. Bd3 Nxf3+ 6. Qxf3 e6 7. O-O Qc7 8.
b3 Ne7 9. Qe3 b5 10. Kh1 Ng6 11. f4 c4 12. bxc4 bxc4 13. Be2 Bc5 14. Qg3 Be7 15.
Bb2 Bb7 16. Rab1 O-O 17. d4 cxd3 18. cxd3 Rab8 19. d4 f5 20. e5 Nh4 21. d5 exd5
22. Qd3 d4 23. Qc4+ Qxc4 24. Bxc4+ Kh8 25. Nd5 Bc5 26. h3 Rfc8 27. Kh2 Ng6 28.
Kg3 h5 29. h4 Ba7 30. Bb3 Bc6 31. Rfd1 Rxb3+ 32. axb3 Bxd5 33. Bxd4 Bxd4 34.
Rxd4 Rc3+ 35. Kh2 Bc6 36. Rb2 Nxh4 37. Rd6 Re3 38. b4 Kh7 39. Rc2 Bb5 40. Rd4
Ng6 41. Rcd2 Nf8 42. g3 Ne6 43. Rd6 h4 44. Rg2 hxg3+ 45. Rxg3 Re2+ 46. Kg1 Nxf4
47. Rf3 Ne6 48. Rxf5 Kg6 49. Rf3 Rxe5 50. Rd2 Rg5+ 51. Kf2 Bc6 52. Rg3 Rxg3 53.
Kxg3 Kf6 54. Kf2 g5 55. Ke3 Ke5 56. Ra2 Bb5 57. Rg2 d5 58. Rg1 d4+ 59. Kd2 Kd5
60. Re1 Nd8 61. Rg1 Nf7 62. Rg4 Kc4 63. Kc2 Nd8 64. Rxg5 Kxb4 65. Rd5 Nc6 66.
Rg5 Kc4 67. Kd2 Na5 68. Rg3 Nb3+ 69. Kc2 Nc5 70. Ra3 d3+ 71. Kd2 Kd4 72. Ra2
Ne4+ 73. Kc1 Ke3 0-1

[Event "World Rapid Women 2021"]
[Site "Warsaw POL"]
[Date "2021.12.26"]
[Round "2.11"]
[White "Paramzina, Anastasya"]
[Black "Gaponenko, Inna"]
[Result "0-1"]
[WhiteTitle "WGM"]
[BlackTitle "IM"]
[WhiteElo "2260"]
[BlackElo "2347"]
[WhiteFideId "4165012"]
[BlackFideId "14101181"]
[EventDate "2021.12.26"]

1. e4 g6 2. d4 Bg7 3. Nc3 d6 4. Be3 a6 5. Qd2 b5 6. Bd3 Bb7 7. a4 b4 8. Nce2 a5
9. h3 Nf6 10. Ng3 h5 11. e5 Nd5 12. Nf3 Nxe3 13. Qxe3 e6 14. Ne4 Bxe4 15. Qxe4
d5 16. Qe2 c6 17. O-O-O Nd7 18. g4 b3 19. cxb3 Rb8 20. Nd2 Rb4 21. Qe3 Qb6 22.
gxh5 Rxh5 23. Rdg1 Bh6 24. Qe2 Qxd4 25. Rxg6 Rxe5 26. Rg8+ Ke7 27. Qf1 Bxd2+ 28.
Kxd2 Qxb2+ 29. Kd1 Qxb3+ 30. Kd2 Qa2+ 31. Bc2 Rd4+ 32. Kc1 Qa3+ 33. Kb1 Rb4+ 0-1